Online katalóg knižníc regiónu Turca

Predajná láska (Record no. 22330)

MARC details
000 -LEADER
fixed length control field 01467cam a2200421 a 4500
001 - CONTROL NUMBER
control field 22330
003 - CONTROL NUMBER IDENTIFIER
control field VRT
005 - DATE AND TIME OF LATEST TRANSACTION
control field 20260326141453.0
008 - FIXED-LENGTH DATA ELEMENTS--GENERAL INFORMATION
fixed length control field 240315s2012 xo g 000 f slo
015 ## - NATIONAL BIBLIOGRAPHY NUMBER
National bibliography number SNBA2013
020 ## - INTERNATIONAL STANDARD BOOK NUMBER
International Standard Book Number 9788055132419
Qualifying information (brož.)
035 ## - SYSTEM CONTROL NUMBER
System control number EAC182D5-D359-401E-9FE9-11C42E98CB0B
035 ## - SYSTEM CONTROL NUMBER
System control number urn:nbn:sk:snk-amjmc5
035 ## - SYSTEM CONTROL NUMBER
System control number urn:nbn:sk:snk-am002erd
039 #9 - LEVEL OF BIBLIOGRAPHIC CONTROL AND CODING DETAIL [OBSOLETE]
Level of rules in bibliographic description 202512091612
Level of effort used to assign nonsubject heading access points AUTHORITY
Level of effort used to assign subject headings 202512091603
Level of effort used to assign classification AUTHORITY
Level of effort used to assign subject headings 202403151745
Level of effort used to assign classification VLOAD
Level of effort used to assign subject headings 201508271453
Level of effort used to assign classification VLOAD
040 ## - CATALOGING SOURCE
Original cataloging agency PPPK
Language of cataloging slo
Transcribing agency PPPK
Modifying agency SVKBB
-- SNK
Description conventions AACR2
041 0# - LANGUAGE CODE
Language code of text/sound track or separate title slo
044 ## - COUNTRY OF PUBLISHING/PRODUCING ENTITY CODE
MARC country code xo
ISO country code SK
072 #7 - SUBJECT CATEGORY CODE
Subject category code 821.162.4-3
Subject category code subdivision Slovenská próza
Source konspekt
080 ## - UNIVERSAL DECIMAL CLASSIFICATION NUMBER
Universal Decimal Classification number 821.162.4-31
Edition identifier 2001
080 ## - UNIVERSAL DECIMAL CLASSIFICATION NUMBER
Universal Decimal Classification number (0:82-31)
Edition identifier 2001
100 1# - MAIN ENTRY--PERSONAL NAME
Personal name Scherhauferová, Ružena,
Dates associated with a name 1950-
Relationship aut
245 10 - TITLE STATEMENT
Title Predajná láska
Statement of responsibility, etc. Ružena Scherhauferová
250 ## - EDITION STATEMENT
Edition statement [1. vyd.]
260 ## - PUBLICATION, DISTRIBUTION, ETC.
Place of publication, distribution, etc. Bratislava
Name of publisher, distributor, etc. Ikar
Date of publication, distribution, etc. 2012
300 ## - PHYSICAL DESCRIPTION
Extent 382 s.
Dimensions 17 cm
490 1# - SERIES STATEMENT
Series statement Príbehy z kabelky
655 #7 - INDEX TERM--GENRE/FORM
Genre/form data or focus term slovenské romány
Source of term SNKPH
655 #7 - INDEX TERM--GENRE/FORM
Genre/form data or focus term Slovak fiction
Source of term SNKPHeng
830 #0 - SERIES ADDED ENTRY--UNIFORM TITLE
Uniform title Príbehy z kabelky
942 ## - ADDED ENTRY ELEMENTS (KOHA)
Source of classification or shelving scheme Dewey Decimal Classification
Koha item type Krásna literatúra pre dospelých
Suppress in OPAC No
949 ## - LOCAL PROCESSING INFORMATION (OCLC)
6 2889198204
a savukPV 18596
b savuk2014/278
949 ## - LOCAL PROCESSING INFORMATION (OCLC)
6 270001000405806
a svkbbA 137110
b svkbbm 733238
949 ## - LOCAL PROCESSING INFORMATION (OCLC)
6 273K0551559
a svkpoA 215463
b svkpo555258
949 ## - LOCAL PROCESSING INFORMATION (OCLC)
6 17A1061736
a snkSD 81735
b snk2013/2172
o 2965/2012
949 ## - LOCAL PROCESSING INFORMATION (OCLC)
6 17A1061735
a snkSD 81735 D1
b snk2013/2173
o 2965/2012
s 6100:20140925
Holdings
Stav vyradenia Strata Poškodenie Spôsob nadobudnutia Domovská knižnica Aktuálna knižnica Dátum nadobudnutia Total checkouts Čiarový kód exemplára Date last seen Typ exemplára
      Dar Obecná knižnica Horná Štubňa Obecná knižnica Horná Štubňa 26.03.2026   9788055132419 26.03.2026 Krásna literatúra pre dospelých
Projekt je podporený Slovenskou asociáciou knižníc
Prevádzkuje Turčianska knižnica Martin 2026